| 000 | 00727nas a2200241 4500 | ||
|---|---|---|---|
| 001 | BR2010004761 | ||
| 003 | BR-BrBNA | ||
| 005 | 20231205114312.0 | ||
| 007 | ta | ||
| 008 | 230509b bl.|||p| |||| 00| 00por d | ||
| 040 |
_aBR-BrBNA _bpor _cBiblioteca Nacional de Agricultura |
||
| 041 | _a(Pt) | ||
| 072 | _aF70 | ||
| 100 | 1 | _aThode, V.A. | |
| 100 | 1 | _aMentz, L.A. | |
| 245 | 1 | _aO gênero Glandularia J.F. Gmel. (Verbenaceae)no Rio Grande do Sul, Brasil | |
| 650 | _aFLORA | ||
| 650 | _aVERBENACEAE | ||
| 650 | _aRIO GRANDE DO SUL | ||
| 773 | 0 |
_tActa Botanica Brasilica (Brazil) _xISSN 0102-3306 _g(Apr-Jun 2010), v. 24(2) p. 529-557 _wBR2010004761 |
|
| 909 |
_a202311 _bLúcia _c55 _dLúcia Elande |
||
| 942 |
_2AGRIS _n0 _cANA |
||
| 999 |
_c208122 _d208122 |
||